| 000 | 00380nam a22001457a 4500 | ||
|---|---|---|---|
| 005 | 20231106114420.0 | ||
| 008 | 230617b ||||| |||| 00| 0 eng d | ||
| 040 | _c | ||
| 245 | _aMEGHA MALLAR মেঘমল্লাৰ | ||
| 250 | _a1ST | ||
| 260 |
_aJORHAT _bSAHITYA SEWI SORA _c1956 |
||
| 300 |
_a164 P.; _bPB _c20CM |
||
| 700 |
_aBORDOLOI, HEMANTA _eAUTHOR |
||
| 942 |
_2ddc _cBK |
||
| 999 |
_c29565 _d29565 |
||